| 000 | 00363nam a2200145Ia 4500 | ||
|---|---|---|---|
| 003 | LK-CoDNM | ||
| 008 | 010623t1826 xxu||||| |||| 00| 1 fra d | ||
| 040 |
_aLK-CoDNM _dLK-CoDNM _eLK-CoDNM |
||
| 041 | _afra | ||
| 080 | _a16 R 18 | ||
| 245 | _aMemoires Relatifs Alexpedition Anglaise | ||
| 260 |
_bImprime _c1826 |
||
| 300 | _biii,288p,pl,map., 21 cm | ||
| 942 | _cBK | ||
| 999 |
_c81026 _d81026 |
||